Представление документа в формате MARC21

Поле Инд. ПП Название Значение
Тип записи a
Библиографический уровень a
001 Контрольный номер bdcbda7d09684409afbd039223212d89
005 Дата корректировки 20180409143711.8
020 a ISBN 978-5-7609-0971-8
040 a Служба первич. каталог. НБ ТвГУ
b Код языка каталог. rus
e Правила каталог. PSBO
041 0_ a Код языка текста rus
097 b Оператор batjaeva_g
098 b Факультет Физико-технический
c Кафедра теоретической физики
245 10 a Заглавие Влияние структуры и симметрии на термодинамические свойства наночастиц с "магическим" числом атомов
260 a Место издания Тверь
b Издательство Тверской государственный университет
504 a Библиография Библиогр.: с. 366-367 (20 назв.)
520 0_ a Аннотация Проведены исследования термодинамических характеристик нанокластеров золота с «магическим» числом атомов в процессе фазового перехода плавление/кристаллизация. Температура плавления нанокластеров определена по температурной зависимости удельной внутренней энергии нанокластеров.
653 0_ a Ключевые слова Нанокластеры
a Ключевые слова Фазовый переход
a Ключевые слова Температура плавления
a Ключевые слова Магические числа
a Ключевые слова Труды Тверского государственного университета
700 12 a Другие авторы Сдобняков Николай Юрьевич
q Полное имя Сдобняков Н. Ю.
700 12 a Другие авторы Мясниченко Владимир Сергеевич
q Полное имя Мясниченко В. С.
700 12 a Другие авторы Андрийчук Анна Павловна
q Полное имя Андрийчук А. П.
700 12 a Другие авторы Соколов Дмитрий Викторович
q Полное имя Соколов Д. В.
773 18 w Контрольный № источника 9994464931ab44c0bbc2935be4440591
t Название источника Физико-химические аспекты изучения кластеров, наноструктур и наноматериалов
d Место и дата издания Тверь : Тверской государственный университет, 2014
g Прочая информация Вып. 6. - С. 362-369
856 40 u URL http://texts.lib.tversu.ru/texts/11580t.pdf
x Примечание для ЭОР Справка УИС 2016
i Дата подключения ЭОР 20170414
x Примечание для ЭОР Реестр суммарного учета сетевых локальных документов
900 a Имя макрообъекта 11580t
901 t Тип документа a
920 a Оператор Батя